000 00451nam a2200145Ia 4500
008 100122s9999 xx 000 0 und d
082 _b71633
_a823
100 _aनाईक संजय
245 _aमाझं काय चुकलं
260 _bमंगलदीप प्रकाशन
_c2007
300 _a200
630 _aमाझं काय चुकलं
730 _aमाझं काय चुकलं
942 _cBOOK
999 _c442138
_d442135